000 00205nam a22000857a 4500
008 161111b xxu||||| |||| 00| 0 eng d
100 _91134
_aMaurier.D.D
245 _aRebecca
260 _aNew Delhi
_bS.Chand
_c2011
999 _c3795
_d3795